000 01129nam a22003257a 4500
001 0071177
003 KOHA_MİRAKIL
005 20260207004957.0
007 ta
008 240718b2023 tu |||gr||||#0|||0|tur |
020 _a9786259954103
040 _aTR-BiSEU
_btur
_cTR-BiSEU
_erda
041 0 _atur
044 _ctu
050 _aJQ1803.5
_b.Z46 2023
100 1 _aZengin, Ülkü Nur.
245 1 _aOrdunun sivil denetimi/
_cÜlkü Nur Zengin ; Ülkü Nur Zengin.
264 1 _aAnkara :
_bPolis Akademisi Yayınları
_c2023
300 _a307 sayfa ;
_c21 cm.
336 _ametin
_btxt
_2rdacontent
337 _aaracısız
_bn
_2rdamedia
338 _acilt
_bnc
_2rdacarrier
490 1 _aPolis Akademis Yayınları ;
_v177
500 _aKaynakça var.
650 0 _aTürkiye--Devlet-Ordu İlişkileri--Politika ve Yönetim 1960-198--Politika veYönetim 1980.
_9139793
650 0 _aTürkiye--State-Military Relations--Politics and Administration 1960-1980--Politics and Administration 1980.
_9139794
830 1 _aPolis Akademis Yayınları ;
_v177
_9137712
907 _aSiyaset bilimi
942 _2lcc
_cBK
999 _c71922
_d71922